000 00350nam a2200157Ia 4500
003 OSt
005 20240213102642.0
008 170524s9999 xx 000 0 und d
020 _a978-9387472815
040 _cIIMT UNIVERSITY
100 _aPATTANAYAK B
100 _c2012
245 0 _aHUMAN RESOURCE MANAGMENT
260 _aPHI
942 _2ddc
_c01
999 _c2832
_d2832